Statistics for Kpop Song by English Lyrics #2

Click here to take the quiz!

General Stats

  • This quiz has been taken 470 times
  • The average score is 5 of 28

Answer Stats

English LyricsSong Title% Correct
Cause we got fire (fire) / Higher (higher) / I gotta make it / I gotta gotta make itDope
64%
When I wake up in my room (room)Fire
63%
Shawty, Imma party till the sun downLove Me Right
57%
Aha! Listen boy / My first love storyGee
53%
Sometimes, you gotta be bold! / Just rock the world!Happiness
36%
Boy, you ain't cooler than me, nahYou Think
32%
But now they mean nothing cause these walls caught me here with something4 Walls
30%
Give it to me / Give it to me oh / Come to me / Come to me ohHush
24%
Baby, give me some / Give me, give me some yeahZutter
18%
Just like her I wanna be pretty / I wanna be pretty / Don't lie to my face tellin' me I'm prettyUgly
16%
Baby baby baby baby baby / Youuu / Play me play me play me play me play meDumb Dumb
15%
Yeah baby dancing with me you're my starTouch My Body
12%
I'm hot hot hot hot fireI Am the Best
11%
I'm ready too, BingoSexy, Free & Single
10%
Girl, I can't explain what I feelWhat Is Love
10%
Hey girls / It's gon' be alright / Hey boys / Better make it rightMa Boy
10%
You know I still love you baby / And it will never changeNobody
10%
I'm tired of being alone / Sick of being singleI Need a Girl
9%
One step and two step, girl / Everybody wanna makes that noiseFollow Me
8%
One, two strike... game overHome Run
8%
I wanna hug and kissesHer
8%
Just wild and young / I'm just wild and young / Do it just for funOne of a Kind
7%
Long time no see / Long time no seeDoom Dada
7%
It must be L-O-V-E200%
5%
I don't know, I don't know, I don't know, but I'm hot, hot (So hot) / You know what, you know what, you know what, what I mean, meanNalinA
5%
I got 31 flavaIce Cream
4%
I say mother, father, who are you?... / Don't matter I'm a D-boyMichigo
2%
Oh baby, baby, please don't goDevil
1%

Score Distribution

Percentile by Number Answered

Percent of People with Each Score

Your Score History

You have not taken this quiz